header

Radiation Protection in Medical Radiography (Record no. 257957)

MARC details
000 -LEADER
fixed length control field 00408nam a22001577a 4500
003 - CONTROL NUMBER IDENTIFIER
control field OSt
005 - DATE AND TIME OF LATEST TRANSACTION
control field 20191107145258.0
008 - FIXED-LENGTH DATA ELEMENTS--GENERAL INFORMATION
fixed length control field 191107b xxu||||| |||| 00| 0 eng d
020 ## - INTERNATIONAL STANDARD BOOK NUMBER
International Standard Book Number 0323014526
040 ## - CATALOGING SOURCE
Transcribing agency N/A
100 ## - MAIN ENTRY--PERSONAL NAME
Personal name Mary Alice Statkiewics et al
245 ## - TITLE STATEMENT
Title Radiation Protection in Medical Radiography
250 ## - EDITION STATEMENT
Edition statement 4th ed
260 ## - PUBLICATION, DISTRIBUTION, ETC. (IMPRINT)
Place of publication, distribution, etc United States of America
Name of publisher, distributor, etc Mosby
Date of publication, distribution, etc 2004
942 ## - ADDED ENTRY ELEMENTS (KOHA)
Source of classification or shelving scheme Library of Congress Classification
Koha item type Long Loan Books
Holdings
Withdrawn status Lost status Source of classification or shelving scheme Damaged status Not for loan Home library Current library Shelving location Date acquired Total Checkouts Full call number Barcode Date last seen Price effective from Koha item type
    Library of Congress Classification     Rongo University Library Rongo University Library General Stacks 07/11/2019   RC78.3.S54 2004 201613468 07/11/2019 07/11/2019 Long Loan Books

© 2026 Rongo University
Contact us: librarian | system librarian | Rongo university